| 000 | 00641nam a2200181Ia 4500 | ||
|---|---|---|---|
| 008 | 100921s9999 xx 000 0 und d | ||
| 082 |
_b28516 _a891.463 थ 93 |
||
| 100 | _aखांडगे भास्कर. | ||
| 245 | _aअस्वस्थ सूर्योदय. | ||
| 260 |
_bमेघदूत प्रकाशन,पुणे. _c1993 |
||
| 300 |
_a179 _b--- |
||
| 365 | _b90 | ||
| 520 | _aललित-कादंबरी. | ||
| 630 | _aअस्वस्थ सूर्योदय. | ||
| 650 | _aललित-कादंबरी. | ||
| 730 | _aअस्वस्थ सूर्योदय. | ||
| 942 | _cBOOK | ||
| 999 |
_c777629 _d777626 |
||